Cellular Automata : prospects in Astrophysical Applications

Αποθηκεύτηκε σε:
Λεπτομέρειες βιβλιογραφικής εγγραφής
Άλλοι συγγραφείς: Perdang, J. M. (Επιμελητής έκδοσης), Lejeune, A. (Επιμελητής έκδοσης)
Μορφή: Βιβλίο
Γλώσσα:English
Δημοσίευση: Singapore : World Scientific, c1993.
Θέματα:
Ετικέτες: Προσθήκη ετικέτας
Δεν υπάρχουν, Καταχωρήστε ετικέτα πρώτοι!

MARC

LEADER 00000cam a2200000 i 4500
001 1/45190
008 950530s1993 si ||| | eng||
020 |a 9810213468 
035 |a 1995  |c ΦΛΕΣΣΑΣ  |l 10042476 
040 |a GR-MyUA  |b gre  |e AACR2 
041 0 |a eng 
082 0 |a 523.01  
245 1 0 |a Cellular Automata :   |b prospects in Astrophysical Applications /   |c editors J. M. Perdang and A. Lejeune.  
260 |a Singapore :   |b World Scientific,   |c c1993.  
300 |a 405 σ. :   |b εικ. ;   |c 23 εκ.  
500 |a Περιέχει βιβλιογραφικές αναφορές.  
650 0 0 |a Cellular automata. 
650 0 0 |a Astrophysics  |x Mathematical models. 
700 1 |a Perdang, J. M.  |e edt 
700 1 |a Lejeune, A.  |e edt 
852 |a INST  |b SAMOS  |e 19950530  |h 523.01 CEL  |p 005300005555  |q 005300005555  |t BK  |y 0 
909 |a Σ  |b 039020